000 00407nam a2200181Ia 4500
005 20240823055144.0
008 240823s9999||||xx |||||||||||||| ||und||
041 _aENGLISH
082 _A547.1223 Q2
100 _aAlex V Ramani
245 0 _aStereochemistry
250 _a1st
260 _c2012
_bMJP Publi
500 _aYES
650 _astereochemistry
_bChemistry
942 _cBK
999 _c228123
_d228123